000
00246nam a22000857a 4500
008
160908b xxu||||| |||| 00| 0 eng d
100
_9
338
_a
Nirupama Srivastava
245
_a
Exploring Art & Activity
260
_a
New Delhi
_b
Rachna Sagar publication
_c
2011
999
_c
2998
_d
2998